000
00268pam a2200121 a 4500
020
_c
041
_a
eng
100
_a
Sullivan .J.W.N.
245
_a
The Basis Of Modern
_h
Textual Documents
260
_a
New York
_b
Penguin Books Ltd
300
_a
213p.
930
_a
15261
999
_c
92161
_d
92161